000 00912nam a2200289 i 4500
001 66420
003 ES-MaACL
005 20230906165632.0
007 t|
008 030402s2002 sp |||| | spa d
020 _a84-339-6178-0
080 _a821(4)-1.09"18/19"
080 _a292(0:82)
100 1 _aCalasso, Roberto.
_933532
245 1 3 _aLa literatura y los dioses /
_cRoberto Calasso ; traducción de Edgardo Dobry.
260 _aBarcelona :
_bAnagrama,
_c[2002]
300 _a211 p. ;
_c22 cm.
490 1 _aArgumentos ;
_v285
500 _aÍndice.
650 1 4 _aPoesía europea-
_yS.XIX-
_xHistoria y crítica.
_9168453
650 1 4 _aPoesía europea-
_yS.XX-
_xHistoria y crítica.
_9168454
650 4 _aMitología clásica-
_xEn la literatura.
_915102
700 1 _aDobry, Edgardo.
_944947
830 0 _aArgumentos ;
_v285
_9178418
852 _aES-MaACL
_jL-26909
999 _c66420
_d66420